Κατάλογος Βιβλιοθηκών Mediterranean College

Όταν σκοτώνουν τα κοτσύφια / (Record no. 10031)

MARC details
000 -LEADER
fixed length control field 02203nam a22002657a 4500
003 - ΤΑΥΤΟΤΗΤΑ ΤΟΥ ΑΡΙΘΜΟΥ ΕΛΕΓΧΟΥ
Πεδίο ελέγχου GR-AtMCL
005 - ΗΜΕΡΟΜΗΝΙΑ ΚΑΙ ΩΡΑ ΤΕΛΕΥΤΑΙΑΣ ΕΝΗΜΕΡΩΣΗΣ
Πεδίο ελέγχου 20260112105231.0
006 - FIXED-LENGTH DATA ELEMENTS--ADDITIONAL MATERIAL CHARACTERISTICS
Πεδίο ελέγχου σταθερού μήκους a|||||r|||||||||||
008 - FIXED-LENGTH DATA ELEMENTS--GENERAL INFORMATION
Πεδίο ελέγχου σταθερού μήκους s20251984gr 000 1 gre d
020 ## - ISBN
ISBN 9789606204067
040 ## - ΠΗΓΗ ΚΑΤΑΛΟΓΟΓΡΑΦΗΣΗΣ
Φορέας πρωτότυπης καταλογογράφησης MC Athens Campus Library
Modifying agency MC Athens Campus Library
Γλώσσα καταλογογράφησης Ελληνικά, Μοντέρνα (1453-)
Κανόνες περιγραφικής καταλογογράφησης AACR2
041 1# - ΓΛΩΣΣΑ
Κωδικός γλώσσας πρωτότυπου Αγγλικά
100 ## - MAIN ENTRY--PERSONAL NAME
Personal name Lee, Harper
9 (RLIN) 10239
240 10 - ΟΜΟΙΟΜΟΡΦΟΣ ΤΙΤΛΟΣ
Ομοιόμορφος τίτλος To kill a mockingbird.
Language of a work Greek
245 10 - ΤΙΤΛΟΣ ΚΑΙ ΔΗΛΩΣΗ ΥΠΕΥΘΥΝΟΤΗΤΑΣ
Τίτλος Όταν σκοτώνουν τα κοτσύφια /
Statement of responsibility, etc. Harper Lee ; μετάφραση Βικτώρια Τράπαλη.
250 ## - EDITION STATEMENT
Edition statement 33η εκδ.
260 ## - PUBLICATION, DISTRIBUTION, ETC.
Place of publication, distribution, etc. Αθήνα :
Name of publisher, distributor, etc. Εκδόσεις Bell,
Date of publication, distribution, etc. 2025.
300 ## - PHYSICAL DESCRIPTION
Extent 378 σ. ;
Διαστάσεις 21 εκ.
500 ## - GENERAL NOTE
Γενική σημείωση Μετάφραση από : To kill a mockingbird.
520 ## - SUMMARY, ETC.
Summary, etc. "Σκοτώστε όσες κίσες θέλετε, αν μπορείτε να τις πετύχετε, αλλά να θυμάστε ότι είναι αμαρτία να σκοτώσεις τα κοτσύφια". Αυτή είναι η συμβουλή του δικηγόρου Άτικους Φιντς στα παιδιά του, καθώς ο ίδιος αποφασίζει να υπερασπιστεί στο δικαστήριο το πραγματικό "κοτσύφι" αυτής της υπέροχης ιστορίας, έναν νεαρό μαύρο. [...] Το φαινομενικά γαλήνιο και ειρηνικό Μέικομπ της Αλαμπάμα είναι στην πραγματικότητα βουτηγμένο στην προκατάληψη, τη βία και την υποκρισία. Αλλά τη ναρκωμένη συνείδηση της πόλης θα συνταράξει το σθένος ενός ανθρώπου που αγωνίζεται για δικαιοσύνη... Ένα από τα πιο αγαπημένα μυθιστορήματα που γράφτηκαν ποτέ, το "Όταν Σκοτώνουν τα Κοτσύφια" συγκαταλέγεται ανάμεσα στα αξιολογότερα κλασικά έργα της σύγχρονης λογοτεχνίας.
650 #0 - SUBJECT ADDED ENTRY--TOPICAL TERM
Topical term or geographic name entry element Αμερικανική λογοτεχνία
9 (RLIN) 10235
653 ## - INDEX TERM--UNCONTROLLED
Μη ελεγχόμενοι όροι Λογοτεχνία
942 ## - ADDED ENTRY ELEMENTS (KOHA)
Koha item type Books
Holdings
Τύπος τεκμηρίου Βιβλιοθήκη Τρέχουσα τοποθεσία Barcode Αριθμός εισαγωγής Ημερομηνία απόκτησης Ταξιθετικό σύμβολο Αριθμός αντιτύπου Κατάσταση απόσυρσης Κατάσταση χαμένου Κατάσταση κατεστραμμένου Μη δανεισμός Σύνολο δανεισμών Ημερομηνία τελευταίας εμφάνισης Η τιμή ισχύει από
Books MC Athens Campus Library MC Athens Campus Library 9780000100399 8233 12/01/2026 813 LEE 1           12/01/2026 12/01/2026

MC Athens Campus Library
Πατησίων 94 & Κοδριγκτώνος 13, 104 34
Πελλήνης 8 & Πατησίων 107, 112 51
Τ: +30 210 8899600

MC Thessaloniki Campus Library
Ίωνος Δραγούμη 21, 54625 | Ίωνος Δραγούμη 15, 54625
Τ: +30 2310 287779 – Τ: +30 2314 440300